000 00891 a2200217 4500
005 20080829115936.0
008 080829t xxu||||| |||| 00| 0 eng d
010 _aENG-87390
020 _a8175413764
_c395.00
035 _aEN-70923
037 _bD.B.Act / Pub
082 _a351.0010954
100 _aHar Swarup Singh
245 _aIndian bureaucracy
_cby Har Swarup Singh
_bmaladies and remedies
260 _aDelhi
_bShipra Publications
_c2007
270 _a115-A, Vikas Marg, Shakarpur,
_bDelhi
_e110092
_k011-65277210, 011-22500954
_l91-11-22458662
_minfo@shiprapublications.com
300 _a144 p.
_c22 cm. (Hb).
500 _aIncludes index
942 _adpl
_cEN
_k351.0010954 / HAR
_2ddc
_h351.0010954
_mHAR
999 _c6422
_d6422